Row, Row, Row Your Boat / (Record no. 4025)
[ view plain ]
| 000 -LEADER | |
|---|---|
| fixed length control field | 00922nam a22002297a 4500 |
| 001 - CONTROL NUMBER | |
| control field | 4025 |
| 003 - CONTROL NUMBER IDENTIFIER | |
| control field | FISKH |
| 005 - DATE AND TIME OF LATEST TRANSACTION | |
| control field | 20250820123903.0 |
| 008 - FIXED-LENGTH DATA ELEMENTS--GENERAL INFORMATION | |
| fixed length control field | 240531b cb ||||| |||| 00| 0 eng d |
| 020 ## - INTERNATIONAL STANDARD BOOK NUMBER | |
| International Standard Book Number | 9781743002179 |
| 040 ## - CATALOGING SOURCE | |
| Original cataloging agency | FISKH |
| Language of cataloging | eng |
| Transcribing agency | FISKH |
| Modifying agency | FISKH |
| 100 ## - MAIN ENTRY--PERSONAL NAME | |
| Personal name | Moroney, Trace |
| Relator term | author |
| 245 ## - TITLE STATEMENT | |
| Title | Row, Row, Row Your Boat / |
| Statement of responsibility, etc. | by Trace Moroney |
| 260 ## - PUBLICATION, DISTRIBUTION, ETC. | |
| Place of publication, distribution, etc. | Scoresby , Victoria : |
| Name of publisher, distributor, etc. | The Five Mile Press ; |
| Date of publication, distribution, etc. | 2011 |
| 300 ## - PHYSICAL DESCRIPTION | |
| Extent | 8 unnumbered pages : |
| Other physical details | color illustrations ; |
| Dimensions | 15 cm . |
| 505 ## - FORMATTED CONTENTS NOTE | |
| Formatted contents note | B <br/> |
| 520 ## - SUMMARY, ETC. | |
| Summary, etc. | Children may have fun as they piece together the giant floor puzzles. Suitable for children aged 2 and over, this title includes the puzzles made up of 25 large kid-friendly pieces. It includes a handy storage box for the floor puzzle and slipcase for the book. |
| 521 8# - TARGET AUDIENCE NOTE | |
| Target audience note | 40 <br/> |
| Source | Lexile estimate <br/> |
| 521 8# - TARGET AUDIENCE NOTE | |
| Target audience note | B <br/> |
| Source | Raz-PLus <br/> |
| 650 ## - SUBJECT ADDED ENTRY--TOPICAL TERM | |
| Topical term or geographic name entry element | Water |
| Form subdivision | Fiction |
| 942 ## - ADDED ENTRY ELEMENTS (KOHA) | |
| Source of classification or shelving scheme | Dewey Decimal Classification |
| Koha item type | Books |
| Suppress in OPAC | No |
| Withdrawn status | Lost status | Source of classification or shelving scheme | Damaged status | Not for loan | Collection | Home library | Current library | Shelving location | Date acquired | Total Checkouts | Full call number | Barcode | Date last seen | Copy number | Price effective from | Koha item type |
|---|---|---|---|---|---|---|---|---|---|---|---|---|---|---|---|---|
| Dewey Decimal Classification | Juvenile Fiction | Footprints International School Library Network Toul Kork Campus | Footprints International School Library Network Toul Kork Campus | TK Primary Library Room(4th Floor), Bookcase 7, Shelves 57-60, Dark Green Books | 08/20/2025 | MOR Fic 398.8 | FISTK02699 | 08/20/2025 | 2 | 08/20/2025 | Books | |||||
| Dewey Decimal Classification | Juvenile Fiction | Footprints International School Library Network Toul Tom Poung Campus | Footprints International School Library Network Toul Tom Poung Campus | TTP Primary Green Bookshelves | 05/31/2024 | MOR Fic 398.8 | 2024-0764 | 05/31/2024 | 1 | 05/31/2024 | Books |
